Dissidia Final Fantasy: Opera Omnia All Playable Characters (So Far) - Statistics

General Stats
  • This quiz has been taken 44 times
  • The average score is 91 of 164
Answer Stats
Hint Answer % Correct
FFVII Cloud Strife
100%
FFVII Sephiroth
100%
FFVII Aerith Gainsborough
91%
FFVII Barret Wallace
91%
FFXV Ignis Scientia
91%
FFXIII Lightning
91%
FFXV Noctis Lucis Caelum
91%
FFVIII Squall Leonhart
91%
FFX Tidus
91%
FFVII Tifa Lockhart
91%
FFVII Vincent Valentine
91%
FFVII Yuffie Kisaragi
91%
FFX Yuna
91%
FFVII Cait Sith
82%
FFVII Cid Highwind
82%
FFXIII Cid Raines
82%
FF Type-0 Jack
82%
FFO: Stranger of Paradise (Japan Only) Jack Garland
82%
FFX-2 Paine
82%
FFVII Rude
82%
FFXIII Snow Villiers
82%
FFVI Terra Branford
82%
FFXII Vaan
82%
FFI Warrior of Light
82%
FFVII Zack Fair
82%
FFIX Adelbert Steiner
73%
FFX Auron
73%
FFXII Balthier
73%
FFIV Cecil Harvey (Dark Knight)
73%
FFIV Cecil Harvey (Paladin)
73%
FFVI Edgar Roni Figaro
73%
FFV Exdeath
73%
FFII Firion
73%
FFXII Gabranth
73%
FFI Garland
73%
FFIX Garnet Til Alexandros XVII
73%
FFVI General Leo
73%
FFXV Gladiolus Amicita
73%
FFXIII Hope Estheim
73%
FFVIII Laguna Loire
73%
FFII Leon
73%
FFX Lulu
73%
FFII Maria
73%
FFVI Mog
73%
FFIII Onion Knight
73%
FFIV Palom
73%
FFIV Porom
73%
FFXV Prompto Argentum
73%
FFVII Reno
73%
FFVIII Rinoa Heartilly
73%
FFVIII Seifer Almasy
73%
FFVIII Selphie Tilmitt
73%
FFVI Setzer Gabbiani
73%
FFX Seymour
73%
FFXI Shantotto
73%
FFII The Emperor (Palamecia)
73%
FFVIII Ultimecia
73%
FFX Wakka
73%
FFVIII Zell Dincht
73%
FFIX Zidane Tribal
73%
FF Type-0 Ace
64%
FFXV Ardyn Izunia
64%
FFV Bartz Klauser
64%
FFXII Basch fon Ronsenburg
64%
FFIII Cloud of Darkness
64%
FFVI Cyan Garamonde
64%
FF Type-0 Eight
64%
FFIX Eiko Carol
64%
FFVIII Fujin
64%
FFV Galuf Halm Baldesion
64%
FFIV Golbez
64%
FFVIII Irvine Kinneas
64%
FFX Jecht
64%
FFIV Kain Highwind
64%
FFX Kimahri
64%
FF Type-0 King
64%
FFXIII Oerba Dia Vanille
64%
FFXIII Oerba Yun Fang
64%
FFXII Penelo
64%
FF Type-0 Queen
64%
FFVIII Raijin
64%
FFT Ramza
64%
FFIV Rydia
64%
FFXIII Sazh Katzroy
64%
FFVI Shadow
64%
FFXII Ashelia B'nargin Dalmasca
55%
FF Type-0 Cater
55%
Crisis Core: FFVII Cissnei
55%
FFV Faris Scherwiz
55%
FFXII Fran
55%
FFII Guy
55%
FFVII: Advent Children Kadaj
55%
FFVI Kefka Palazzo
55%
FFIX Kuja
55%
FFV Lenna Charlotte Tycoon
55%
FFVI Locke Cole
55%
FFXV (Japan Only) Lunafreya Nox Fleuret
55%
FF Type-0 Nine
55%
FFVIII Quistis Trepe
55%
FFIV Rosa Joanna Farrell
55%
FFVI Sabin Rene Figaro
55%
FFXIII Serah Farron
55%
FF Type-0 Seven
55%
FF Type-0 Trey
55%
FFXII Vayne Carudas Solidor
55%
FFIX Vivi Orunitia
55%
FFXIV Y'shtola Rhul
55%
FFXV Aranea Highwind
45%
FFVI Celes Chere
45%
FF Type-0 Deuce
45%
FFIV Edge Geraldine
45%
FFIX Freya Crescent
45%
FFVI Gau
45%
FFV Gilgamesh
45%
FFV Krile Mayer Baldesion
45%
FF Type-0 Machina Kunagiri
45%
FFII (Japan Only) Minwu
45%
FFXIII-2 Noel Kreiss
45%
FF Type-0 Rem Tokimiya
45%
FFIV Yang Fang Leiden
45%
FF Type-0 Cinque
36%
FFXV Cor Leonis
36%
FFIV Edward Chris von Muir
36%
FFXI Prishe
36%
FF Type-0 Sice
36%
FFVI Strago Magus
36%
FFXIV Thancred Waters
36%
FFIII Xande
36%
FFXIV Yda Hext
36%
FFT Agrias
27%
FFXIV Alphinaud Leveilleur
27%
FFIX Beatrix
27%
FFX (Japan Only) Braska
27%
FFXIII-2 Caius Ballad
27%
FFIV: The After Years Ceodore Harvey
27%
FFCC Ciaran
27%
FFIII Desch
27%
FFIV (Japan Only) FuSoYa
27%
FFVII (Japan Only) Jessie
27%
FFXIV Papalymo Totolymo
27%
FFVI Relm Arrowny
27%
Dirge of Cerberus: FFVII Shelke
27%
FFXIV Alisaie Leveilleur
18%
FFV (Japan Only) Dorgann Klauser
18%
WoFF Enna Kros
18%
FF Type-0 Kurasame Susaya
18%
FFII Leila
18%
FFXI Lion
18%
FFXII: Revenant Wings Llyud
18%
FFXIV Lyse Hext
18%
FFCC: Echoes of Time Sherlotta
18%
FFIV: The After Years Ursula
18%
FFCC: The Crystal Bearers Amidatelion
9%
FFXI Aphmau
9%
FFXI Eald'narche
9%
FFXI Iroha
9%
FFCC: The Crystal Bearers Jegran
9%
FFXI Kam'lanaut
9%
FFCC: The Crystal Bearers Keiss
9%
WoFF Lann & Reynn
9%
FFCC: The Crystal Bearers Layle
9%
FFXI Lilisette
9%
FFXI Arciela
0%
FFCC: Ring of Fates Yuri
0%
No matching quizzes found
Score Distribution
Percent of People with Each Score
Percentile by Number Answered
Your Score History
You have not taken this quiz